[Event "FRA-chT Top 12"]
[Site "Brest"]
[Date "2018.06.05"]
[Round "11"]
[White "Ragger, Markus"]
[Black "Leroy, Didier"]
[Result "1-0"]
[WhiteElo "2672"]
[BlackElo "2297"]
[PlyCount "167"]
[EventDate "2018.05.26"]
[EventType "team-tourn"]
[EventRounds "11"]
[EventCountry "FRA"]
[SourceTitle "EXT 2019"]
[Source "ChessBase"]
[SourceDate "2018.10.10"]
[SourceVersion "1"]
[SourceVersionDate "2018.10.10"]
[SourceQuality "1"]
[WhiteTeam "Bischwiller"]
[BlackTeam "Evry Grand Roque"]
[WhiteTeamCountry "FRA"]
[BlackTeamCountry "FRA"]

1. e4 c5 2. Nf3 Nc6 3. d4 cxd4 4. Nxd4 e6 5. Nc3 a6 6. Bf4 d6 7. Bg3 Nf6 8. Nxc6 bxc6 9. e5 Nd5 10. Ne4 dxe5 11. Bxe5 f6 12. Bg3 e5 13. c4 Bb4+ 14. Nd2 Ne7 15. a3 Bc5 16. Qh5+ g6 17. Qf3 Bf5 18. Nb3 Ba7 19. Be2 Rb8 20. 0-0 Qb6 21. Nd2 Qxb2 22. Ne4 0-0 23. c5 Qd4 24. Nd6 Qxc5 25. Nxf5 Nxf5 26. Bxa6 Kg7 27. Rac1 Nd4 28. Qd3 Qa5 29. Bc4 Rfd8 30. Qe4 Qxa3 31. Kh1 Re8 32. Ra1 Qc5 33. Rfc1 Re7 34. f3 Rb2 35. Qe3 Qb4 36. Be1 Qb8 37. Qa3 Rbb7 38. Ba6 Nb5 39. Qa2 Rbc7 40. Bb4 Red7 41. Qe6 Nd4 42. Qc4 c5 43. Be1 Rd6 44. Rab1 Rb6 45. Qa2 Rd7 46. Bc4 Rxb1 47. Rxb1 Rb7 48. Rxb7+ Qxb7 49. h4 h5 50. Qa4 Qe7 51. Ba2 Bb8 52. Qc4 Qf8 53. Qd5 Bd6 54. Bf2 Nf5 55. Qb7+ Qe7 56. Qd5 Nh6 57. Be3 Nf7 58. Bc4 f5 59. Kg1 f4 60. Bf2 Nh6 61. Kh2 Kf6 62. Qc6 Kg7 63. Qd5 Nf5 64. Qg8+ Kf6 65. Qh8+ Ng7 66. Qg8 Ne6 67. Be1 Qf7 68. Qh8+ Qg7 69. Qc8 Nf8 70. Ba5 Qd7 71. Qa8 Be7 72. Bc3 Qd6 73. Qe8 Ne6 74. Qg8 Qc6 75. Qh8+ Ng7 76. Qh6 Ne6 77. Qh8+ Ng7 78. Qb8 Qd6 79. Qg8 Ne6 80. Bb2 Qd7 81. Qh8+ Ng7 82. Qh6 Qf5 83. Bd5 Bd6 84. Be4 1-0

[Event "FRA-chT Top 12"]
[Site "Brest"]
[Date "2018.05.28"]
[Round "3"]
[White "Wirig, Anthony"]
[Black "Leroy, Didier"]
[Result "1/2-1/2"]
[WhiteElo "2504"]
[BlackElo "2297"]
[PlyCount "103"]
[EventDate "2018.05.26"]
[EventType "team-tourn"]
[EventRounds "11"]
[EventCountry "FRA"]
[SourceTitle "EXT 2019"]
[Source "ChessBase"]
[SourceDate "2018.10.10"]
[SourceVersion "1"]
[SourceVersionDate "2018.10.10"]
[SourceQuality "1"]
[WhiteTeam "Grasse Echecs"]
[BlackTeam "Evry Grand Roque"]
[WhiteTeamCountry "FRA"]
[BlackTeamCountry "FRA"]

1. c4 Nf6 2. g3 g6 3. Bg2 Bg7 4. Nc3 0-0 5. d4 c6 6. Nf3 Qa5 7. 0-0 Qa6 8. b3 d5 9. cxd5 cxd5 10. Bg5 e6 11. Rc1 Nc6 12. Ne5 Nxe5 13. dxe5 Ng4 14. a4 Bd7 15. Nb5 Bxb5 16. axb5 Qxb5 17. e4 Nxe5 18. exd5 exd5 19. Qxd5 Qxd5 20. Bxd5 Rac8 21. Bxb7 Rb8 22. Bd5 Rb5 23. Rfd1 Nf3+ 24. Bxf3 Rxg5 25. Rc7 a5 26. Bd5 Bf6 27. Bc4 Rf5 28. Kg2 Bc3 29. Rdd7 Bb4 30. f4 h5 31. Kf3 Rf6 32. Ra7 Kg7 33. h3 Be1 34. g4 hxg4+ 35. hxg4 g5 36. f5 Bb4 37. Rab7 Bc3 38. Ke4 Be1 39. Kd3 Bb4 40. Ra7 Be1 41. Kc2 Bb4 42. Rdb7 Be1 43. Re7 Bb4 44. Re6 Rd8 45. Rxf6 Kxf6 46. Bxf7 Rd2+ 47. Kc1 Rg2 48. Bh5 Ke5 49. Rd7 Rg3 50. Kc2 Rg2+ 51. Kc1 Rg3 52. Kc2 1/2-1/2

[Event "FRA-chT Top 12"]
[Site "Brest"]
[Date "2018.05.26"]
[Round "1"]
[White "Leroy, Didier"]
[Black "Demuth, Adrien"]
[Result "1/2-1/2"]
[WhiteElo "2297"]
[BlackElo "2542"]
[PlyCount "81"]
[EventDate "2018.05.26"]
[EventType "team-tourn"]
[EventRounds "11"]
[EventCountry "FRA"]
[SourceTitle "EXT 2019"]
[Source "ChessBase"]
[SourceDate "2018.10.10"]
[SourceVersion "1"]
[SourceVersionDate "2018.10.10"]
[SourceQuality "1"]
[WhiteTeam "Evry Grand Roque"]
[BlackTeam "Nice Alekhine"]
[WhiteTeamCountry "FRA"]
[BlackTeamCountry "FRA"]

1. d4 Nf6 2. Bg5 d5 3. Bxf6 gxf6 4. e3 c5 5. Nc3 Nc6 6. a3 e6 7. Nf3 Bd7 8. Be2 f5 9. Qd2 Qf6 10. 0-0 0-0-0 11. b4 cxd4 12. exd4 Bh6 13. Qd3 Rhg8 14. Rfd1 Kb8 15. Bf1 Rc8 16. Kh1 Ne7 17. Ne5 Rgd8 18. Nxd7+ Rxd7 19. Na4 b6 20. Qb5 Rb7 21. c3 f4 22. Rd3 Nf5 23. Rh3 Nd6 24. Qe2 Rbc7 25. Qe1 Ne4 26. Ba6 Rg8 27. f3 Qg6 28. Ra2 Nd6 29. Rh4 Bg5 30. Rh3 Be7 31. Rd2 Nc4 32. Bxc4 Rxc4 33. Rb2 Qd3 34. Qb1 Qxb1+ 35. Rxb1 b5 36. Nc5 Bxc5 37. bxc5 Rxc3 38. Rxh7 Rc2 39. Rxf7 Rgxg2 40. Rxb5+ Kc8 41. Rbb7 1/2-1/2

[Event "FRA-chT Top 12"]
[Site "Drancy"]
[Date "2016.05.31"]
[Round "4.6"]
[White "Degraeve, Jean Marc"]
[Black "Leroy, Didier"]
[Result "1-0"]
[WhiteElo "2561"]
[BlackElo "2289"]
[PlyCount "83"]
[EventDate "2016.05.28"]
[EventType "team-tourn"]
[EventRounds "11"]
[EventCountry "FRA"]
[SourceTitle "CBM 172 Extra"]
[Source "ChessBase"]
[SourceDate "2016.06.21"]
[SourceVersion "1"]
[SourceVersionDate "2016.06.21"]
[SourceQuality "1"]
[WhiteTeam "Saint Quentin"]
[BlackTeam "Evry Grand Roque"]
[WhiteTeamCountry "FRA"]
[BlackTeamCountry "FRA"]

1. d4 Nf6 2. c4 e6 3. Nc3 d5 4. cxd5 Nxd5 5. e4 Nxc3 6. bxc3 c5 7. Rb1 Qa5 8. Bd2 Qxa2 9. Nf3 Bd6 10. Bd3 c4 11. Ra1 Qb3 12. Bc2 Qb6 13. e5 Be7 14. Ng5 Bxg5 15. Bxg5 Bd7 16. 0-0 Bc6 17. Qg4 h5 18. Qg3 Bd5 19. Bc1 Nc6 20. Ba3 0-0-0 21. Rfb1 Qc7 22. Bd6 h4 23. Qf4 Rxd6 24. exd6 Qd7 25. Rb5 g6 26. Be4 Rh5 27. h3 b6 28. Bxd5 exd5 29. Re1 Rf5 30. Qxh4 Qxd6 31. Rb2 Kb7 32. Rbe2 Rh5 33. Qg4 f5 34. Qf3 Rh4 35. Re6 Qd7 36. Rxg6 Re4 37. Rxe4 dxe4 38. Qg3 Ka6 39. h4 Kb5 40. h5 a5 41. h6 a4 42. h7 1-0

[Event "FRA-chT Top 12"]
[Site "Montpellier"]
[Date "2015.06.06"]
[Round "8.6"]
[White "Leroy, Didier"]
[Black "Velten, Paul"]
[Result "0-1"]
[WhiteElo "2277"]
[BlackElo "2457"]
[PlyCount "82"]
[EventDate "2015.05.30"]
[EventType "team-tourn"]
[EventRounds "11"]
[EventCountry "FRA"]
[SourceTitle "CBM 166 Extra"]
[Source "ChessBase"]
[SourceDate "2015.06.18"]
[SourceVersion "1"]
[SourceVersionDate "2015.06.18"]
[SourceQuality "1"]
[WhiteTeam "Evry Grand Roque"]
[BlackTeam "Chalons en Champagne"]
[WhiteTeamCountry "FRA"]
[BlackTeamCountry "FRA"]

1. g3 e5 2. c4 Nc6 3. Bg2 g6 4. Nc3 Bg7 5. Rb1 a5 6. a3 d6 7. d3 Nf6 8. Nd5 Nxd5 9. cxd5 Ne7 10. e4 c6 11. Ne2 0-0 12. 0-0 cxd5 13. exd5 Nf5 14. b4 axb4 15. Rxb4 Re8 16. Bb2 Re7 17. h3 Ra5 18. Qb3 b5 19. Bc1 Rb7 20. Re1 Bd7 21. Bb2 Rc7 22. Rc1 Raa7 23. Rxc7 Qxc7 24. g4 Nd4 25. Nxd4 exd4 26. Bf3 Qc5 27. Kg2 Be5 28. Qd1 f5 29. Qb3 Be8 30. Kf1 Rf7 31. g5 h6 32. h4 hxg5 33. hxg5 Rh7 34. Kg1 Rh4 35. Qd1 Qc7 36. Qc1 Qd8 37. a4 bxa4 38. Kf1 Rf4 39. Bd1 Rh4 40. Rb7 Rh1+ 41. Ke2 Qa5 0-1

[Event "FRA-chT Top 12"]
[Site "Montpellier"]
[Date "2015.06.03"]
[Round "5"]
[White "Leroy, Didier"]
[Black "Belkhodja, Slim"]
[Result "1/2-1/2"]
[WhiteElo "2277"]
[BlackElo "2417"]
[PlyCount "47"]
[EventDate "2015.05.30"]
[EventType "team-tourn"]
[EventRounds "11"]
[EventCountry "FRA"]
[SourceTitle "CBM 166 Extra"]
[Source "ChessBase"]
[SourceDate "2015.06.18"]
[SourceVersion "1"]
[SourceVersionDate "2015.06.18"]
[SourceQuality "1"]
[WhiteTeam "Evry Grand Roque"]
[BlackTeam "Metz Fischer"]
[WhiteTeamCountry "FRA"]
[BlackTeamCountry "FRA"]

1. d4 Nf6 2. c4 g6 3. Nc3 Bg7 4. e4 0-0 5. Bd3 Nc6 6. Nge2 d6 7. 0-0 a5 8. d5 Ne5 9. f3 c6 10. Be3 e6 11. Nf4 Nxd3 12. Qxd3 e5 13. Nfe2 c5 14. Ng3 Bd7 15. a3 a4 16. b4 axb3 17. Rfb1 Nh5 18. Nxh5 gxh5 19. Rxb3 Bc8 20. Qd2 Qf6 21. Rb6 Qd8 22. Rb3 Qf6 23. Rb6 Qd8 24. Rb3 1/2-1/2

[Event "FRA-chT Top 12"]
[Site "Montpellier"]
[Date "2015.05.31"]
[Round "2.7"]
[White "Dionisi, Thomas"]
[Black "Leroy, Didier"]
[Result "1-0"]
[WhiteElo "2383"]
[BlackElo "2277"]
[PlyCount "79"]
[EventDate "2015.05.30"]
[EventType "team-tourn"]
[EventRounds "11"]
[EventCountry "FRA"]
[SourceTitle "CBM 166 Extra"]
[Source "ChessBase"]
[SourceDate "2015.06.18"]
[SourceVersion "1"]
[SourceVersionDate "2015.06.18"]
[SourceQuality "1"]
[WhiteTeam "Bois Colombes"]
[BlackTeam "Evry Grand Roque"]
[WhiteTeamCountry "FRA"]
[BlackTeamCountry "FRA"]

1. e4 e5 2. Nf3 Nc6 3. Bb5 a6 4. Bxc6 dxc6 5. 0-0 Ne7 6. d4 exd4 7. Nxd4 c5 8. Nb3 Qxd1 9. Rxd1 Ng6 10. Nc3 Bd6 11. Be3 b6 12. Nd5 Rb8 13. Nd2 b5 14. c4 0-0 15. Rac1 c6 16. Nc3 Ne5 17. b3 Nd3 18. Rb1 Be6 19. Kf1 Rfd8 20. Ne2 f6 21. h3 g5 22. Ng3 Bxg3 23. fxg3 Rd7 24. Ke2 Rbd8 25. g4 Kg7 26. cxb5 cxb5 27. e5 fxe5 28. Bxg5 Rc8 29. Ne4 c4 30. Ke3 Rd4 31. Bf6+ Kf7 32. Bxe5 Rxe4+ 33. Kxe4 Nf2+ 34. Kf4 Nxd1 35. Rxd1 cxb3 36. axb3 Rc2 37. Rd6 Rxg2 38. Rxa6 Bxb3 39. Ra7+ Ke6 40. Rxh7 1-0

[Event "San Sebastian op 37th"]
[Site "San Sebastian"]
[Date "2014.04.17"]
[Round "7"]
[White "Leroy, Didier"]
[Black "Marchena Hurtado, Javier"]
[Result "1-0"]
[WhiteElo "2307"]
[BlackElo "2147"]
[PlyCount "71"]
[EventDate "2014.04.12"]
[EventType "swiss"]
[EventRounds "9"]
[EventCountry "ESP"]
[SourceTitle "CBM 159 Extra"]
[Source "ChessBase"]
[SourceDate "2014.04.24"]
[SourceVersion "1"]
[SourceVersionDate "2014.04.24"]
[SourceQuality "1"]

1. d4 Nf6 2. c4 g6 3. g3 Bg7 4. Bg2 0-0 5. Nc3 d6 6. h3 e5 7. dxe5 dxe5 8. Qxd8 Rxd8 9. Bg5 Re8 10. Nb5 Na6 11. 0-0-0 e4 12. Rd4 Be6 13. Bxe4 Nxe4 14. Rxe4 h6 15. Be3 f5 16. Rh4 g5 17. Rd4 Bxd4 18. Nxd4 Bxc4 19. Nxf5 Kh7 20. g4 Be6 21. Nd4 Bxa2 22. h4 Kg6 23. hxg5 hxg5 24. Rh5 Re5 25. Ngf3 Rd5 26. Bxg5 Nc5 27. Rh6+ Kf7 28. Bf6 Nd7 29. Ng5+ Rxg5 30. Bxg5 Rg8 31. f4 Nf8 32. e4 c5 33. Nf5 Ne6 34. Rh7+ Kg6 35. Rxb7 Rh8 36. Nh4+ 1-0

[Event "Plancoet op-A 10th"]
[Site "Plancoet"]
[Date "2013.07.30"]
[Round "3"]
[White "Dgebuadze, Alexandre"]
[Black "Leroy, Didier"]
[Result "1-0"]
[WhiteElo "2570"]
[BlackElo "2305"]
[PlyCount "85"]
[EventDate "2013.07.28"]
[EventType "swiss"]
[EventRounds "9"]
[EventCountry "FRA"]
[SourceTitle "EXT 2017"]
[Source "ChessBase"]
[SourceDate "2016.10.25"]
[SourceVersion "1"]
[SourceVersionDate "2016.10.25"]
[SourceQuality "1"]

1. d4 Nf6 2. Nf3 d5 3. c4 e6 4. e3 a6 5. Nbd2 b6 6. Bd3 Bb7 7. cxd5 exd5 8. 0-0 Bd6 9. Ne5 0-0 10. f4 c5 11. Rf3 Nc6 12. Rh3 g6 13. Ndf3 Qc8 14. Qe1 Be7 15. Ng5 Nxe5 16. fxe5 Nh5 17. Nxh7 Kxh7 18. Rxh5+ Kg7 19. Qg3 Rh8 20. Rxh8 Qxh8 21. e6 Qh4 22. Qxh4 Bxh4 23. exf7 Bf6 24. dxc5 bxc5 25. Bd2 Kxf7 26. Rf1 Kg7 27. b3 Rd8 28. Rc1 c4 29. Be2 Bc8 30. Bc3 Be6 31. Bd4 Bxd4 32. exd4 Rb8 33. Rc3 a5 34. Kf2 Kf6 35. Ke3 Rb4 36. h4 a4 37. bxc4 dxc4 38. Bf3 Rb2 39. d5 Bd7 40. Rxc4 Ke5 41. Rc7 Bf5 42. g4 Bb1 43. Rc6 1-0

[Event "Plancoet op-A 10th"]
[Site "Plancoet"]
[Date "2013.07.29"]
[Round "2"]
[White "Leroy, Didier"]
[Black "Bailet, Pierre"]
[Result "1/2-1/2"]
[WhiteElo "2305"]
[BlackElo "2474"]
[PlyCount "57"]
[EventDate "2013.07.28"]
[EventType "swiss"]
[EventRounds "9"]
[EventCountry "FRA"]
[SourceTitle "EXT 2017"]
[Source "ChessBase"]
[SourceDate "2016.10.25"]
[SourceVersion "1"]
[SourceVersionDate "2016.10.25"]
[SourceQuality "1"]

1. d4 Nf6 2. c4 g6 3. Nc3 Bg7 4. e4 0-0 5. Bd3 d6 6. Nge2 e5 7. 0-0 Nbd7 8. Bc2 c6 9. d5 cxd5 10. Nxd5 Nxd5 11. Qxd5 Nc5 12. b3 Be6 13. Qd2 Qe7 14. Bb2 f5 15. exf5 gxf5 16. Rad1 Rad8 17. Nc3 Qh4 18. Nd5 Rf7 19. Rfe1 Rdf8 20. f3 Kh8 21. Qf2 Qh6 22. b4 Na6 23. a3 b6 24. Qd2 Qh4 25. Bb3 Rg8 26. Qf2 Qh6 27. Qd2 Qh4 28. Qf2 Qh6 29. Qd2 1/2-1/2

[Event "Trieste op 14th"]
[Site "Trieste"]
[Date "2012.09.07"]
[Round "8"]
[White "Leroy, Didier"]
[Black "Jovic, Stanoje"]
[Result "1-0"]
[WhiteElo "2285"]
[BlackElo "2338"]
[PlyCount "75"]
[EventDate "2012.09.01"]
[EventType "swiss"]
[EventRounds "9"]
[EventCountry "ITA"]
[SourceTitle "CBM 150 Extra"]
[Source "ChessBase"]
[SourceDate "2012.10.19"]
[SourceVersion "1"]
[SourceVersionDate "2012.10.19"]
[SourceQuality "1"]

1. d4 Nf6 2. c4 d6 3. Nf3 c6 4. h3 Bf5 5. Nc3 h6 6. Bf4 Qb6 7. g4 Bh7 8. Qd2 Ne4 9. Nxe4 Bxe4 10. Bg2 g5 11. Be3 Bg7 12. Rd1 Nd7 13. h4 f5 14. hxg5 fxg4 15. gxh6 Bxh6 16. Rxh6 Rxh6 17. Bxh6 gxf3 18. exf3 Bf5 19. Qg5 Qb4+ 20. Rd2 Be6 21. b3 Nf6 22. Qe3 Bf5 23. Bg5 Kd7 24. Kf1 Rg8 25. Qf4 Be6 26. Re2 Rg6 27. Qe3 Ng8 28. f4 d5 29. c5 Qb5 30. Bh3 Bxh3+ 31. Qxh3+ Ke8 32. Qe3 Rg7 33. f5 a5 34. f6 Rxg5 35. Qxg5 Nxf6 36. Qe5 Ne4 37. f3 Qd3 38. fxe4 1-0

[Event "Trieste op 14th"]
[Site "Trieste"]
[Date "2012.09.04"]
[Round "5"]
[White "Leroy, Didier"]
[Black "Bosiocic, Marin"]
[Result "0-1"]
[WhiteElo "2285"]
[BlackElo "2577"]
[PlyCount "102"]
[EventDate "2012.09.01"]
[EventType "swiss"]
[EventRounds "9"]
[EventCountry "ITA"]
[SourceTitle "CBM 150 Extra"]
[Source "ChessBase"]
[SourceDate "2012.10.19"]
[SourceVersion "1"]
[SourceVersionDate "2012.10.19"]
[SourceQuality "1"]

1. d4 Nf6 2. c4 g6 3. Nc3 d5 4. e3 e6 5. Nf3 Bg7 6. Bd3 0-0 7. 0-0 Nc6 8. a3 a5 9. h3 Ne7 10. Qe2 Nf5 11. Rd1 Bd7 12. Rb1 Nd6 13. Ne5 Be8 14. Bd2 a4 15. Be1 b6 16. Qf3 c6 17. e4 dxe4 18. Nxe4 Nfxe4 19. Bxe4 Nxe4 20. Qxe4 Qc8 21. c5 b5 22. f3 f6 23. Nd3 g5 24. Qe3 Bg6 25. h4 gxh4 26. Bxh4 e5 27. Rd2 Qf5 28. dxe5 fxe5 29. Re1 Rae8 30. Nf2 Qh5 31. Qg5 Qxg5 32. Bxg5 e4 33. Nxe4 h6 34. Bh4 Bxe4 35. fxe4 Rf4 36. Bf2 Rfxe4 37. Rxe4 Rxe4 38. Rd6 Bxb2 39. Rxc6 Bxa3 40. Rb6 b4 41. c6 Rc4 42. Bg3 b3 43. Rb8+ Kf7 44. c7 b2 45. Be5 Ke6 46. Bxb2 Bxb2 47. Rxb2 Kd7 48. Rb6 h5 49. g3 Kxc7 50. Rh6 a3 51. Rxh5 a2 0-1

[Event "Trieste op 14th"]
[Site "Trieste"]
[Date "2012.09.02"]
[Round "3"]
[White "Tesic, Dragan"]
[Black "Leroy, Didier"]
[Result "0-1"]
[WhiteElo "2348"]
[BlackElo "2285"]
[PlyCount "68"]
[EventDate "2012.09.01"]
[EventType "swiss"]
[EventRounds "9"]
[EventCountry "ITA"]
[SourceTitle "CBM 150 Extra"]
[Source "ChessBase"]
[SourceDate "2012.10.19"]
[SourceVersion "1"]
[SourceVersionDate "2012.10.19"]
[SourceQuality "1"]

1. d4 e6 2. c4 Bb4+ 3. Bd2 a5 4. e4 d5 5. cxd5 exd5 6. e5 c5 7. Bxb4 axb4 8. dxc5 Ne7 9. Nf3 0-0 10. Bd3 Nec6 11. Qc2 h6 12. 0-0 Nd7 13. Re1 Ra5 14. Bh7+ Kh8 15. Bf5 Rxc5 16. Qb3 Ndxe5 17. Nxe5 Nxe5 18. Bxc8 Qxc8 19. Nd2 Qf5 20. Rad1 Rfc8 21. Nf1 Rc2 22. Qg3 Nc4 23. b3 Rc3 24. f3 Nb2 25. Rd4 Qf6 26. Qe5 Qb6 27. Re3 Rxe3 28. Nxe3 Rc3 29. Nxd5 Rc1+ 30. Kf2 Nd3+ 31. Ke3 Re1+ 32. Kd2 Qa7 33. Qf5 Qxa2+ 34. Kxd3 Qe2# 0-1

[Event "Split op 1st"]
[Site "Split"]
[Date "2011.08.09"]
[Round "5"]
[White "Leroy, Didier"]
[Black "Dragomirescu, Angela"]
[Result "0-1"]
[WhiteElo "2282"]
[BlackElo "2190"]
[PlyCount "96"]
[EventDate "2011.08.05"]
[EventType "swiss"]
[EventRounds "9"]
[EventCountry "CRO"]
[SourceTitle "CBM 143 Extra"]
[Source "ChessBase"]
[SourceDate "2011.08.29"]
[SourceVersion "1"]
[SourceVersionDate "2011.08.29"]
[SourceQuality "1"]

1. e4 d6 2. Bc4 Nf6 3. Qe2 e5 4. Nf3 Be7 5. d4 Nc6 6. d5 Nb8 7. h3 c6 8. a4 cxd5 9. exd5 0-0 10. a5 Ne8 11. 0-0 Nd7 12. Ra3 f5 13. Ba2 Bf6 14. Rd1 Nc7 15. c4 e4 16. Ne1 Na6 17. Nc3 Bxc3 18. Rxc3 Qxa5 19. Ra3 Qd8 20. Bf4 Qf6 21. Qd2 Ne5 22. b4 Ng6 23. Bg5 Qe5 24. Nf3 Qe8 25. Nd4 h6 26. Bf4 Nxf4 27. Qxf4 Nxb4 28. Qxd6 Nxa2 29. Rxa2 f4 30. Rc1 Rf6 31. Qa3 Qg6 32. Kh2 f3 33. gxf3 Qh5 34. fxe4 Ra6 35. f4 Rxa3 36. Rxa3 Bd7 37. e5 Rf8 38. e6 Be8 39. Rf3 Qh4 40. Rg1 Bh5 41. e7 Qxe7 42. Rfg3 Rf7 43. Ne6 b6 44. f5 Kh8 45. Re3 Qd6+ 46. Kh1 Qf4 47. Reg3 Rxf5 48. Nxg7 Bf3+ 0-1

[Event "Split op 1st"]
[Site "Split"]
[Date "2011.08.08"]
[Round "4"]
[White "Saric, Ibro"]
[Black "Leroy, Didier"]
[Result "1-0"]
[WhiteElo "2563"]
[BlackElo "2282"]
[PlyCount "46"]
[EventDate "2011.08.05"]
[EventType "swiss"]
[EventRounds "9"]
[EventCountry "CRO"]
[SourceTitle "CBM 143 Extra"]
[Source "ChessBase"]
[SourceDate "2011.08.29"]
[SourceVersion "1"]
[SourceVersionDate "2011.08.29"]
[SourceQuality "1"]

1. d4 d5 2. c4 e6 3. Nf3 a6 4. cxd5 exd5 5. Nc3 c6 6. Bf4 Bd6 7. Bg3 Ne7 8. e3 Nf5 9. Bd3 h6 10. Qc2 Nxg3 11. hxg3 Be6 12. 0-0-0 Nd7 13. Kb1 Be7 14. Ne2 Bg4 15. Nf4 Nf6 16. Rc1 Bd6 17. Ne5 Bd7 18. f3 Qc7 19. Nxd7 Qxd7 20. g4 Bxf4 21. exf4 Rf8 22. Qc5 Ng8 23. Rhe1+ Ne7 1-0

[Event "Split op 1st"]
[Site "Split"]
[Date "2011.08.06"]
[Round "2"]
[White "Greb, Nikola"]
[Black "Leroy, Didier"]
[Result "0-1"]
[WhiteElo "2090"]
[BlackElo "2282"]
[PlyCount "56"]
[EventDate "2011.08.05"]
[EventType "swiss"]
[EventRounds "9"]
[EventCountry "CRO"]
[SourceTitle "CBM 143 Extra"]
[Source "ChessBase"]
[SourceDate "2011.08.29"]
[SourceVersion "1"]
[SourceVersionDate "2011.08.29"]
[SourceQuality "1"]

1. e4 c5 2. Nc3 g6 3. d4 Bg7 4. dxc5 Qa5 5. Bd3 Na6 6. Bd2 Qxc5 7. Nge2 Nf6 8. 0-0 0-0 9. Be3 Qa5 10. a3 d6 11. b4 Qd8 12. h3 Nc7 13. Qd2 b6 14. Bh6 Bb7 15. Ng3 Rc8 16. Nce2 d5 17. e5 Ne4 18. Qf4 g5 19. Bxg5 Ne6 20. Qf5 N6xg5 21. h4 Nxg3 22. Nxg3 Ne4 23. Nh5 Bh6 24. f3 e6 25. Qg4+ Kh8 26. fxe4 dxe4 27. Bxe4 Qd4+ 28. Kh1 Qxe4 0-1

[Event "EU-Cup 26th"]
[Site "Plovdiv"]
[Date "2010.10.20"]
[Round "4.4"]
[White "Babula, Vlastimil"]
[Black "Leroy, Didier"]
[Result "1-0"]
[WhiteElo "2515"]
[BlackElo "2292"]
[PlyCount "76"]
[EventDate "2010.10.17"]
[EventType "team-swiss"]
[EventRounds "7"]
[EventCountry "BUL"]
[SourceTitle "CBM 139"]
[Source "ChessBase"]
[SourceDate "2010.11.18"]
[SourceVersion "1"]
[SourceVersionDate "2010.11.18"]
[SourceQuality "1"]
[WhiteTeam "Werder Bremen"]
[BlackTeam "Evry Grand Roque"]
[WhiteTeamCountry "GER"]
[BlackTeamCountry "FRA"]

1. d4 Nf6 2. c4 e6 3. Nf3 d5 4. g3 a6 5. Bg2 dxc4 6. 0-0 c5 7. dxc5 Qxd1 8. Rxd1 Bxc5 9. Ne5 0-0 10. Nc3 Nc6 11. Nxc4 Ng4 12. Ne4 Ba7 13. h3 Nge5 14. Nxe5 Nxe5 15. b3 Nc6 16. Ba3 Re8 17. Nd6 Rd8 18. Rac1 a5 19. e3 h6 20. Kf1 Rb8 21. Ke2 Nb4 22. Nb5 Bb6 23. Rd6 Rxd6 24. Nxd6 Bd7 25. Bxb4 axb4 26. Bxb7 Kf8 27. Bc6 Ke7 28. Bxd7 Kxd6 29. Ba4 Bc5 30. Rd1+ Ke7 31. Rd7+ Kf6 32. f4 Rc8 33. Bb5 g6 34. Kf3 Ra8 35. Rd2 Ke7 36. Rc2 Bd6 37. e4 Ra5 38. Bc4 Rc5 1-0

[Event "Hastings Masters op 84th"]
[Site "Hastings"]
[Date "2009.01.03"]
[Round "7"]
[White "Leroy, Didier"]
[Black "Bernal Moro, Luis Javier"]
[Result "1/2-1/2"]
[WhiteElo "2286"]
[BlackElo "2451"]
[PlyCount "69"]
[EventDate "2008.12.28"]
[EventType "swiss"]
[EventRounds "9"]
[EventCountry "ENG"]
[SourceTitle "CBM 128 Extra"]
[Source "ChessBase"]
[SourceDate "2009.03.05"]
[SourceVersion "2"]
[SourceVersionDate "2009.03.25"]
[SourceQuality "1"]

1. d4 Nf6 2. c4 c5 3. d5 e5 4. Nc3 d6 5. e4 Be7 6. h3 Nbd7 7. Be3 a6 8. Qd2 h5 9. Nf3 h4 10. a3 Nf8 11. Be2 Ng6 12. Nh2 0-0 13. 0-0 Nh7 14. Bh5 Nf4 15. Bxf4 exf4 16. Qxf4 Bg5 17. Qf3 b5 18. Qe2 Bf4 19. Bg4 bxc4 20. Bxc8 Qxc8 21. Qxc4 Re8 22. Nf3 Ng5 23. Nxg5 Bxg5 24. f4 Bf6 25. e5 dxe5 26. Ne4 Qd8 27. Rad1 exf4 28. Nxf6+ Qxf6 29. Rxf4 Qd6 30. Rxh4 Re5 31. b4 cxb4 32. axb4 Rd8 33. Qd3 g6 34. Qc3 Qf6 35. Rf1 1/2-1/2

[Event "Hastings Masters op 84th"]
[Site "Hastings"]
[Date "2009.01.02"]
[Round "6"]
[White "Neverov, Valeriy"]
[Black "Leroy, Didier"]
[Result "1-0"]
[WhiteElo "2571"]
[BlackElo "2286"]
[PlyCount "47"]
[EventDate "2008.12.28"]
[EventType "swiss"]
[EventRounds "9"]
[EventCountry "ENG"]
[SourceTitle "CBM 128 Extra"]
[Source "ChessBase"]
[SourceDate "2009.03.05"]
[SourceVersion "2"]
[SourceVersionDate "2009.03.25"]
[SourceQuality "1"]

1. d4 d5 2. Nf3 e6 3. c4 a6 4. cxd5 exd5 5. Nc3 c6 6. Bf4 Bd6 7. Bg3 Ne7 8. e3 0-0 9. Qb3 Qc7 10. Bd3 Nd7 11. Qc2 g6 12. 0-0-0 Nf6 13. Bh4 Ne8 14. Bg5 Ng7 15. e4 Bf4+ 16. Kb1 dxe4 17. Bxe4 Bxg5 18. Nxg5 Bf5 19. h4 Qf4 20. g3 Bxe4 21. Ngxe4 Qf3 22. Rhe1 Nef5 23. Rd3 Qg2 24. g4 1-0

[Event "FRA-chT2 West 0809"]
[Site "France"]
[Date "2008.10.19"]
[Round "1.5"]
[White "Ricbour, Jeremy"]
[Black "Leroy, Didier"]
[Result "1-0"]
[WhiteElo "2183"]
[BlackElo "2286"]
[PlyCount "103"]
[EventDate "2008.10.19"]
[EventType "team-tourn"]
[EventRounds "11"]
[EventCountry "FRA"]
[SourceTitle "EXT 2010"]
[Source "ChessBase"]
[SourceDate "2010.11.25"]
[SourceVersion "1"]
[SourceVersionDate "2010.11.25"]
[SourceQuality "1"]
[WhiteTeam "Issy les Moulineaux"]
[BlackTeam "Evry Grand Roque II"]
[WhiteTeamCountry "FRA"]
[BlackTeamCountry "FRA"]

1. Nf3 c5 2. c4 g6 3. e4 d6 4. d4 Bg4 5. d5 Nf6 6. Bd3 Bg7 7. Nc3 0-0 8. Bg5 Na6 9. Qd2 Re8 10. Ng1 Qa5 11. h3 Bd7 12. Nge2 Nb4 13. 0-0 a6 14. Bb1 b5 15. a3 bxc4 16. Bxf6 Bxf6 17. axb4 Qxa1 18. Ba2 Qxf1+ 19. Kxf1 cxb4 20. Nd1 b3 21. Bb1 a5 22. Nec3 a4 23. f4 a3 24. bxa3 Rxa3 25. Qe2 Rc8 26. Ke1 Ra1 27. Kd2 g5 28. e5 Bg7 29. exd6 exd6 30. Qe7 Be8 31. Qxg5 h6 32. Qf5 Rca8 33. Qe4 Kf8 34. Qxc4 b2 35. Bc2 Rb8 36. Nb1 Ra5 37. Bd3 Rc5 38. Qc2 Rb4 39. Nbc3 Rxf4 40. Qxb2 Ba4 41. Qb8+ Ke7 42. Qa7+ Bd7 43. Bb5 Rd4+ 44. Kc2 Rxb5 45. Nxb5 Rxd5 46. Nbc3 Rc5 47. Kd3 Ke6 48. Qa2+ d5 49. g4 Kd6 50. Qa3 Kc6 51. Qa8+ Kd6 52. Qg8 1-0